Madame Curie (Record no. 9466)

MARC details
000 -CABECERA
campo de control de longitud fija 00728nam a2200229 a 4500
001 - NÚMERO DE CONTROL
campo de control BRL_654
005 - FECHA Y HORA DE LA ÚLTIMA TRANSACCIÓN
campo de control 20190320210834.0
008 - DATOS DE LONGITUD FIJA--INFORMACIÓN GENERAL
campo de control de longitud fija 230913s1937----au-c######---#000-0dger-#
041 ## - CÓDIGO DE LENGUA
Código de lengua del texto/banda sonora o título independiente ger
044 ## - CÓDIGO DEL PAÍS DE LA ENTIDAD EDITORA/PRODUCTORA
Código MARC del país au
050 #4 - SIGNATURA TOPOGRÁFICA DE LA BIBLIOTECA DEL CONGRESO
Número de clasificación QD22.C8
Número de documento/Ítem .C87 1937
100 1# - ENTRADA PRINCIPAL--NOMBRE DE PERSONA
Nombre de persona Curie, Eve
Fechas asociadas al nombre 1904-2007
9 (RLIN) 24533
245 10 - MENCIÓN DE TÍTULO
Título Madame Curie
Resto del título leben und wirken
Mención de responsabilidad, etc. Eve Curie ; berechtigte übertragung aus dem französischen von Maria Giustiniani
260 ## - PUBLICACIÓN, DISTRIBUCIÓN, ETC.
Lugar de publicación, distribución, etc. Wien
Nombre del editor, distribuidor, etc. Bermann-Fischer
Fecha de publicación, distribución, etc. 1937
300 ## - DESCRIPCIÓN FÍSICA
Extensión 458 p.
Otras características físicas il.
Dimensiones 21 cm.
500 ## - NOTA GENERAL
Nota general Incluye dedicatoria para Ruth Lechuga en Alemán de 1941
500 ## - NOTA GENERAL
Nota general Au764
600 14 - PUNTO DE ACCESO ADICIONAL DE MATERIA--NOMBRE DE PERSONA
Nombre de persona Curie, Marie
Fechas asociadas al nombre 1867-1934
Subdivisión de forma Biografía
9 (RLIN) 24534
700 1# - PUNTO DE ACCESO ADICIONAL--NOMBRE DE PERSONA
Nombre de persona Giustiniani, Maria
Término indicativo de función/relación tr.
9 (RLIN) 24535
902 ## - CATALOGADOR
Iniciales GRL
942 ## - ELEMENTOS DE PUNTO DE ACCESO ADICIONAL (KOHA)
Fuente del sistema de clasificación o colocación Library of Congress Classification
Tipo de ítem Koha Libros
Holdings
Estado de retiro Estado de pérdida Estado dañado No para préstamo Localización permanente Ubicación/localización actual Fecha de adquisición Número de inventario Total de préstamos Signatura topográfica completa Código de barras Fecha visto por última vez Precio válido a partir de Tipo de ítem Koha
El ejemplar forma parte de la colección y puede ser consultado según las políticas vigentes.       Biblioteca Centro de Estudios Ruth D. Lechuga Biblioteca Centro de Estudios Ruth D. Lechuga 23/09/2013 Au764   QD22.C8 .C87 1937 (Au764) GRL00723 22/03/2019 22/03/2019 Libros